Costa Rica: Programa de recuperación económica
Збережено в:
| Співавтор: | |
|---|---|
| Формат: | Текст |
| Опубліковано: |
s.l.:
BM
|
| Теги: |
Додати тег
Немає тегів, Будьте першим, хто поставить тег для цього запису!
|
MARC
| LEADER | 00000 a a2200000 04500 | ||
|---|---|---|---|
| 001 | 24550 | ||
| 003 | |||
| 040 | |||
| 090 | |a 176400 | ||
| 110 | |a Banco Mundial | ||
| 245 | |a Costa Rica: Programa de recuperación económica | ||
| 260 | |a s.l.: |b BM | ||
| 300 | |a 22 p. | ||
| 999 | |c 15188 |d 15188 | ||
